000
00327nam a2200133Ia 4500
008
220204s9999 xx 000 0 und d
082
_a
541.18.051.3
_b
BEC
100
_a
Becher, Paul
245
0
_a
Emulsions: Theory and practice
250
_a
Ed.2
260
_a
New York
_b
Kreiger Pub
_c
1977
650
_a
Emulsion
942
_c
BK
999
_c
31261
_d
31261